| 000 | 00742nam a2200229Ia 4500 | ||
|---|---|---|---|
| 005 | 20220316155405.0 | ||
| 008 | 210716s2009 xx 000 0 und d | ||
| 020 | _a9788129702524 | ||
| 040 | _cAIMIT LIBRARY | ||
| 041 | _aeng | ||
| 082 |
_a658 _26 _bSTOJ |
||
| 100 |
_aStoner, James A F. _923934 |
||
| 245 |
_aManagement / _cBy James A F Stoner, R Edward Freeman and Daniel R Gilbert. |
||
| 250 | _a6th ed. | ||
| 260 |
_aNew Delhi : _bPearson Education , _c2004 . |
||
| 300 |
_axxv, 630,I-26p. ; _c28 cm. |
||
| 650 |
_aSocial Responsibility and Ethics. _923935 |
||
| 650 |
_aPlanning and Strategic Management. _923936 |
||
| 700 |
_aFreeman, R Edward. _923937 |
||
| 700 |
_aGilbert, Daniel R. _923938 |
||
| 942 |
_2ddc _cBK _e6th _k658 STOJ |
||
| 999 |
_c197463 _d197463 |
||